North South University Library OPAC

The international legal system : (Record no. 30889)

MARC details
000 -LEADER
fixed length control field 01598cam a2200325 i 4500
001 - CONTROL NUMBER
control field BD-DhNSU-30889
003 - CONTROL NUMBER IDENTIFIER
control field BD-DhNSU
005 - DATE AND TIME OF LATEST TRANSACTION
control field 20251116112305.0
008 - FIXED-LENGTH DATA ELEMENTS--GENERAL INFORMATION
fixed length control field 251116s2022 mnua g b 001 0 eng d
020 ## - INTERNATIONAL STANDARD BOOK NUMBER
International Standard Book Number 9781647085339
040 ## - CATALOGING SOURCE
Original cataloging agency DLC
Transcribing agency BD-DhNSU
Modifying agency BD-DhNSU
041 ## - LANGUAGE CODE
Language code of text eng
050 00 - LIBRARY OF CONGRESS CALL NUMBER
Classification number KZ1242.5
Item number .O26 2022
100 1# - MAIN ENTRY--PERSONAL NAME
Personal name O'Connell, Mary Ellen,
245 14 - TITLE STATEMENT
Title The international legal system :
Remainder of title cases and materials /
Statement of responsibility, etc. by Mary Ellen O'Connell, Richard F. Scott and Naomi Roht-Arriaza.
246 30 - VARYING FORM OF TITLE
Title proper/short title International legal system
250 ## - EDITION STATEMENT
Edition statement 8th ed.
260 ## - PUBLICATION, DISTRIBUTION, ETC.
Place of publication, distribution, etc. St. Paul, MN :
Name of publisher, distributor, etc. Foundation Press,
Date of publication, distribution, etc. c2022.
300 ## - PHYSICAL DESCRIPTION
Extent xi, 1224 p. :
Other physical details ill. ;
Dimensions 26 cm.
490 0# - SERIES STATEMENT
Series statement University casebook series
504 ## - BIBLIOGRAPHY, ETC. NOTE
Bibliography, etc. note Includes bibliographical references and index.
505 0# - FORMATTED CONTENTS NOTE
Table of Content (TOC) Introduction to the international legal system -- The sources and evidence of international law -- Subjects of international law -- Jurisdiction and immunities -- Human rights -- Earth law : protection of the environment -- Earth law : the law of common spaces -- International economic and developement law -- International legal process : responsibility and dispute resolution -- International law and the use of force -- International law in national and regional systems -- Theories for the future of international law.
526 ## - STUDY PROGRAM INFORMATION NOTE
Program name Law
590 ## - LOCAL NOTE (RLIN)
Documentalist Sumaiya Kainat Bintey Kohinoor
650 #0 - SUBJECT ADDED ENTRY--TOPICAL TERM
Topical term or geographic name entry element International law
Form subdivision Cases.
650 #0 - SUBJECT ADDED ENTRY--TOPICAL TERM
Topical term or geographic name entry element International and municipal law
Geographic subdivision United States
Form subdivision Cases.
700 1# - ADDED ENTRY--PERSONAL NAME
Personal name Scott, Richard,
Relator term author.
700 1# - ADDED ENTRY--PERSONAL NAME
Personal name Roht-Arriaza, Naomi.,
Relator term author.
942 ## - ADDED ENTRY ELEMENTS (KOHA)
Source of classification or shelving scheme lcc
Koha item type BK
999 ## - SYSTEM CONTROL NUMBERS (KOHA)
-- 30889
-- 30889
Holdings
Withdrawn status Lost status Source of classification or shelving scheme Damaged status Not for loan Collection Code Permanent Location Current Location Shelving location Date acquired Source of acquisition (Supplier) Currency Price Bill Code Total Checkouts Total Renewals Call Number Barcode (Accession #) Date last seen Copy number Bill Date Item type
    lcc     Non-fiction North South University Library North South University Library General Stacks 2025-11-12 BM Book Traders ৳ (BDT) 38480.00 076:2025   1 KZ1242.5.O26 2022 49169 2025-11-16 1 2025-11-02 Books
© 2017-2026 NSU Library
North South University

Powered by Koha